[Event "West Wales Open"]
[Site "Swansea"]
[Date "2019.10.13"]
[Round "5.9"]
[White "May, Adam J"]
[Black "Van Kemenade, Rudy"]
[Result "1-0"]
[WhiteElo "1924"]
[BlackElo "1885"]
[Annotator "kemen"]
[PlyCount "73"]
[EventDate "2019.10.12"]
[EventType "swiss"]
[EventRounds "5"]
[EventCountry "WLS"]

{[%evp 0,5,19,-12,-2,-42,15,-45]} 1. c4 e5 2. g3 h5 (2... Nc6 3. Nc3 g6 4. Bg2
Bg7 5. e4 d6 6. Nge2 h5 7. h4 Bg4 8. f3 Be6 9. d3 Qd7 10. Bg5 a6 11. Qd2 Rb8
12. Nd5 {May-J Richmond, Dyfed Open 2017,1/2-1/2}) 3. h4 (3. Nf3 e4 4. Nd4 Nc6
5. Nxc6 dxc6 6. Bg2 Nf6 7. Nc3 Qd4 {Heap-Van Kemenade, Dyfed Closed 2018,0-1})
3... Nc6 4. Nc3 d6 (4... Bc5 5. Bg2 d6 {main, with a plus score for Bl}) 5. e4
(5. Bg2 {main}) 5... Bg4 (5... Nd4 6. Be2 Bg4 7. d3 Ne7 8. b4 Ng6 9. Be3 c6 10.
Bxd4 exd4 11. Nb1 Ne5 12. Nf3 Nxf3+ 13. Bxf3 Qd7 {Michalczyk-Stuifbergen,
Haarlem AKN op 1996,1/2-1/2}) 6. f3 Be6 7. d3 g6 8. Nge2 Bh6 (8... Bg7) 9. Bxh6
Nxh6 10. Qd2 f5 (10... Qd7 11. Qg5 Kf8 12. Nd5 Kg7 $11 {Komodo13}) 11. Nd5 Ne7
(11... Kd7 {Komodo13} 12. b4 Kc8 $14) 12. Nec3 (12. d4 Nf7) 12... c6 (12... Nc6
13. Ne2 Ne7 {with repetition, considered by Bl}) (12... Neg8 {considered} 13.
O-O-O c6 14. Ne3 Nf6 15. Bh3 Qe7 $14 {Komodo13} (15... d5 {pm analysis is too
risky} 16. exd5 cxd5 17. d4 $18 {opening the position up- Komodo13})) 13. Nxe7
(13. Ne3 O-O 14. O-O-O b5 15. Nc2 Nf7 $11 {Komodo13}) 13... Qxe7 (13... Kxe7 $5
{Adam}) 14. O-O-O c5 {trying to see if Wh can be left with a bad B} (14...
O-O-O $11) 15. Bh3 O-O-O 16. Rde1 (16. Qg5 $5) 16... Kb8 17. b3 {to be able to
back on e4 with the d pawn, but it's a longterm bl square weakness} Rdf8 (17...
Qg7 {Komodo13- considered}) 18. Rhf1 (18. f4 Re8 19. Kb2 $11 {Komodo13}) 18...
f4 {tring to win the h4 pawn} (18... fxe4 19. Bxe6 e3 20. Qxe3 Qxe6 21. f4 Nf5
22. Qg1 $11 {Komodo13}) 19. Bxe6 Qxe6 20. gxf4 (20. Rg1 {Rudy} fxg3 21. Rxg3
Ng8 22. Reg1 Ne7 $11) (20. Qh2 {Komodo13} fxg3 21. Qxg3 Nf7 $11 (21... Ng8))
20... Rxf4 21. Nd5 Rxh4 22. Qa5 $11 {Wh hopes to prove the R is offside, &
tacitly offers a draw, hoping for a perpetual} Qf7 (22... b6 23. Nxb6 (23. Qd2
Nf7 24. a4 Nd8 25. a5 $11 {Komodo13}) 23... axb6 24. Qxb6+ Kc8 25. Qc6+ {
though loses, as Bl doesn't lose the R after} (25. d4 Qe7 26. dxc5 Qc7 (26...
dxc5 27. Rd1 $18 Rd8 28. Rxd8+ Qxd8 29. Qa6+ Kb8 30. Rd1 {as the Bl R & N are
offside}) 27. Qa6+ Qb7 28. Qxd6 Nf7 29. Qe6+ Qd7 30. Qxg6 {and Wh has plenty
of pawns for the piece, so Bl needs to try for a mate; forcing Wh to take a
perpetual} Qd4 31. Qc6+) 25... Kd8 26. Qa8+ Qc8 $19) (22... Rc8 23. Qd2 Nf7 24.
Rg1 $11 {Komodo13}) 23. f4 {Wh goes for a central break} (23. b4 b6 24. Qb5 Qe8
25. Rg1 Qxb5 26. cxb5 Rh3 27. Ref1 Rg8 28. bxc5 bxc5 29. Nf6 Rg7 30. Ne8 Re7
31. Nxd6 Re6 32. Nc4 $11 {Komodo13}) 23... exf4 $15 (23... Qg7 24. fxe5 b6 25.
Qc3 Qxe5 26. Qxe5 dxe5 27. b4 cxb4 28. Nxb4 Kb7 29. Rf6 g5 30. Rg6 Rh7 31. c5
bxc5 32. Na6 Rh2 33. Nxc5+ Kc7 34. Kb1 g4 35. Rf1 g3 36. Ne6+ Kb7 37. Nc5+ Kc7
$11 {Komodo13}) (23... Rxf4 24. Nxf4 exf4 25. e5 dxe5 26. Rxe5 Ng4 27. Qxc5 Qf6
28. Re7 Rc8 29. Qb4 Qa1+ 30. Kd2 Qb2+ 31. Ke1 Qa1+ $11 {Komodo13}) 24. e5 (24.
Qc3 Rf8 25. e5 Qg7 26. exd6 Qxc3+ 27. Nxc3 Kc8 28. Re6 Rg4 $11 {Komodo13})
24... dxe5 (24... Qg7 $1 25. Nxf4 Nf5 $15 (25... Rc8 $15 {Komodo13})) 25. Rxe5
$16 (25. Qxc5 Rc8 26. Qd6+ Ka8 27. Qxe5 Nf5 28. Nc7+ Kb8 29. Nd5+ Ka8 30. Nxf4
Ng3 31. Rf2 a6 32. d4 $14 {Komodo13}) 25... Nf5 {the Move Bl was relying on to
hold, but bust by both Komodo13 & Stockfish10} 26. Rfe1 (26. Qe1 $1 $18 {
aims at h4 as well} a6 (26... Rg4 27. Re7 Nxe7 (27... Qxe7 {thus forced}) 28.
Qe5+ Ka8 29. Nc7+ Kb8 30. Na6+ Ka8 31. Qb8+ Rxb8 32. Nc7# {Stockfish10}) 27.
Rxf5 Qxf5 28. Qxh4 g5 29. Qe1 h4 30. Qe7 h3 31. Qc7+ Ka8 32. Qxc5 Qh7 33. Nc7+
Kb8 34. Qe5 Ka7 35. Qd4+ Kb8 36. Ne6 {and the Bl pawns are held} h2 37. Rh1 Qh4
38. Nxg5 Re8 39. Qd6+ Ka8 40. Ne6 Rg8 41. Kb2 Rg2+ 42. Ka3 $18 {Stockfish10})
26... Rc8 {after this Wh had a long think, but failed to find the correct
sequence according to Stockfish10} 27. Ne7 (27. Re7 {despite all this is still
the winning line} Qf8 {better than Bl's intended move} (27... Nxe7 28. Rxe7 Qf8
29. Qb5 $18 {missed by both, even in pm analysis}) 28. Qb5 Nd6 29. Qd7 (29.
Rxb7+ Nxb7 30. Re7 Qxe7 31. Nxe7 f3 32. Nc6+ Kc7 33. Ne5 Rh1+ 34. Kb2 Rh2+ 35.
Ka3 Kb8 (35... f2 36. Qc6+ Kb8 37. Nd7+ Ka8 38. Qxc8#) 36. Nxf3 Re2 37. Ng5 h4
38. Qd7 Re3 39. Qg4 Rxd3 40. Qxh4 Rd6 41. Qf4 Ka8 42. Qe4 $16 {Komodo13}) 29...
Qd8 30. Qe6 f3 (30... Ka8 31. Rd7 Qh8 32. Nf6 f3 33. Qxd6 f2 34. Rf1 Qh6+ 35.
Kc2 Qe3 36. Re7 Rd4 37. Rxe3 Rxd6 38. Rxf2 $18 {Stockfish10}) 31. Rd7 Qf8 32.
Rxd6 (32. Qxd6+ Qxd6 33. Rxd6 Rh2 34. Rf1 Re8 35. Kd1 $18) 32... Qh8 33. Nf6 f2
34. Rf1 Rf4 35. Kc2 $18 {Stockfish10}) 27... Nxe7 28. Rxe7 Qf6 $19 29. R1e5 Qb6
{also after a pause for a think, deviating from Bl's intended move, which
looks like it should win} (29... f3 {allowing a ch on f4, or even pushing the
f pawn} 30. Qb5 (30. Re8 Qf4+ 31. Kb2 Rh2+ 32. Kb1 (32. Ka3 {miscalculated by
Bl as safe, since} Qc1+ 33. Ka4 Rxa2+ 34. Kb5 Rxa5+ 35. Kxa5 Qa3+ 36. Kb5 Qb4#)
32... Rh1+ 33. Re1 Rxe8 34. Rxh1 f2 $19 {Stockfish10}) 30... Qf4+ (30... Qb6
31. Rf7 Qxb5 32. cxb5 Rh2 33. Rxf3 (33. Ree7 Rxa2) 33... Rxa2 34. Rf6 Rg8 $17 {
Komodo13}) (30... Qc6 $19) 31. Re3 Qxe3+ 32. Rxe3 f2 33. Rf3 Rh1+ 34. Kc2 f1=Q
35. Rxf1 Rxf1 $19 {Stockfish10}) (29... Qa6 {expected by Wh, who thought that
Wh was forced to swap Qs} 30. Qxa6 (30. Qe1 {Stockfish10, holds the draw} Qa3+
31. Kd1 Rh3 32. Qe4 Qb4 33. Re8 Re3 34. Qxg6 Qe1+ 35. Kc2 Qf2+ {perpetual})
30... bxa6 31. Rg7 Rc7 32. Rxg6 Rh2 $19 {Stockfish10}) (29... a6 {Stockfish10
is the safest way to a win} 30. R7e6 Qd8 31. Qxd8 (31. Qe1 Rh2 32. Re2 Rxe2 33.
Qxe2 Qd4 $19) 31... Rxd8 32. Rxg6 Rh2 33. Re7 Ka7 34. Rgg7 Rb8 35. Rh7 f3 $19 {
Stockfish10}) (29... Qc6 30. Qd2 Rg4 $19 {Stockfish10}) 30. Qe1 Rg4 {at least
Bl noticed that the R was en prise} (30... Rh3 31. Qf1 (31. Re8 Rxd3 $19) 31...
Re3 32. Qxf4 Rxe5 33. Qxe5+ Ka8 34. Re6 Qd8 35. Rxg6 Qh8 36. Rg7 h4 37. Qe7 Rb8
38. Kc2 h3 39. Rh7 Qa1 40. Rxh3 Qxa2+ $11 {Stockfish10}) 31. Re8 Qf6 {only move
} 32. Rxc8+ Kxc8 33. Rxc5+ Kd7 34. Rd5+ Kc6 $2 {letting the Q in} (34... Kc7
35. Rc5+ {should just be a draw} (35. d4 f3 36. Rc5+ {is also drawn, as is} (
36. Qa5+ Qb6 37. Qe1 Qf6))) 35. Qe8+ $18 Kc7 36. Rc5+ (36. d4 $1 f3 37. Rc5+)
36... Kb6 {and Bl failed to see Wh's next move,even after checking for
alternatives} (36... Qc6 37. Rxc6+ bxc6 {was worth a try though the Q should
be able to stop the Bl pawns} 38. c5 Rg1+ 39. Kd2 f3 40. Qf7+ Kd8 41. Qxf3 $18)
(36... Kd6 37. Rd5+ Kc7 38. d4 {and Bl fails to survive as well} f3 39. Rc5+
Kd6 40. Qb8+ Ke6 41. Qc8+ Kf7 42. Rc7+ Qe7 43. Rxe7+ Kxe7 44. Qxb7+) 37. Qb5# (
37. Rb5+ Ka6 {hoped to be safe, though} 38. Re5 {still wins easily}) 1-0

[Event "West Wales Open"]
[Site "Swansea"]
[Date "2019.10.13"]
[Round "5.10"]
[White "Marin Marin, Francisco Javier"]
[Black "Fathallah, Joe"]
[Result "0-1"]
[WhiteElo "1767"]
[BlackElo "1904"]
[Annotator "kemen"]
[PlyCount "66"]
[EventDate "2019.10.12"]
[EventType "swiss"]
[EventRounds "5"]
[EventCountry "WLS"]

{[%evp 0,18,29,19,41,23,92,27,22,32,116,47,48,51,51,50,52,10,49,23,60]} 1. e4
e6 2. d4 c5 {not his normal French this time} 3. Nf3 cxd4 4. Nxd4 d6 (4... a6)
5. Bd3 Nf6 6. O-O Be7 7. Nc3 (7. c4) 7... a6 8. Kh1 b5 (8... O-O) (8... Qc7) 9.
f4 Bb7 (9... b4 10. Nce2 Bb7 {alternative}) 10. e5 Nd5 11. f5 (11. Qg4 $18 {
Stockfish10; 1 game each, 2 draws}) 11... Nxc3 (11... dxe5 12. fxe6 exd4 13.
Qh5 $18 {Stockfish10} Qd6 (13... g6 14. exf7+ Kd7 15. Qg4+ Kc7 16. Qxd4 Bc6 17.
Be4 Nxc3 18. Qxc3 Kb7 19. Bf3 $18 {Stockfish10}) 14. Qxf7+ Kd8 15. Ne4 Qb6 16.
Qxg7 Re8 17. Bg5 Nc6 18. Rf8 (18. Rf5 $1 $18 {Cloud Engines}) (18. Nd6 $18) (
18. Rf7 $18) 18... Rxf8 19. Qxf8+ Kc7 $17 {Nedev-Markus, EU ch tm, Gothenburg
2005,0-1}) 12. bxc3 $16 (12. Qg4 $18 {Stockfish10}) (12. Qh5 $18 {Fritz11 SE 
(Stockfish10 agrees, but not quite as good)}) 12... dxe5 13. fxe6 (13. Nxe6
fxe6 14. fxe6 (14. Qh5+ Kd7 15. fxe6+ Kc8 16. Rf7 $11 {Stockfish10}) 14... Qd5
15. Qh5+ Kd8 16. Qg4 Nc6 17. Be3 Kc7 18. c4 bxc4 (18... Qd6 $17) 19. Bxc4 (19.
Be4 $18 h5 20. Qg6 Qa5 21. Rab1 {Stockfish10}) 19... h5 20. Qe2 $11 {Bateman-A
Miles, Western Open, Vancouver 1981 ,0-1}) 13... exd4 14. Qh5 (14. Rxf7 Qd5 15.
Qe2 Nd7 16. Rf5 Qxg2+ 17. Qxg2 Bxg2+ 18. Kxg2 Nc5 19. cxd4 Nxe6 20. a4 Nxd4 21.
Rd5 Rd8 22. Rxd8+ Bxd8 23. Bb2 Bb6 24. axb5 a5 25. Bc3 Kd7 26. Bxa5 Bxa5 27.
Rxa5 $18 {Stockfish10}) 14... Qd5 15. Qxf7+ Kd8 16. Qxg7 Re8 17. Rf7 (17. Bxh7
$16) (17. Bh6 $16) 17... Qxe6 18. Bg5 (18. Bf4 Bd5 19. Qxd4 Nd7 (19... Qxf7 20.
Qb6+ Kd7 21. Qc7+ Ke6 22. Re1+ Be4 23. Rxe4+ Kf6 24. Qe5+ Kg6 25. Re3+ Qf5 26.
Qxf5+ Kg7 27. Qxh7+ Kf6 28. Qg6#) 20. Rxh7 Bd6 21. c4 Bxf4 22. cxd5 Qe5 23.
Qxe5 Bxe5 24. Re1 Re7 $15 {Stockfish10}) 18... Bxg2+ $19 19. Kg1 (19. Kxg2 Qd5+
20. Kh3 Bxg5 $19) 19... Bh3 20. Qxd4+ Nd7 21. Bxe7+ Rxe7 22. Rf8+ Re8 23. Qh4+
Kc7 24. Qf4+ Qd6 (24... Kb7 $1) 25. Qxd6+ Kxd6 26. Rxe8 Rxe8 27. Bxh7 Re2 (
27... Nf6 28. Bd3 Ne4) 28. Rd1+ Kc5 29. Rd4 Nf6 30. Bd3 Rg2+ 31. Kh1 Rg5 (31...
Ng4) 32. Rh4 Bg2+ 33. Kg1 Bd5+ (33... Ne4) 0-1

[Event "West Wales Open"]
[Site "Swansea"]
[Date "2019.10.13"]
[Round "5.11"]
[White "Young, Alan"]
[Black "Haigh, Tony"]
[Result "1-0"]
[WhiteElo "2015"]
[BlackElo "1761"]
[Annotator "kemen"]
[PlyCount "75"]
[EventDate "2019.10.12"]
[EventType "swiss"]
[EventRounds "5"]
[EventCountry "WLS"]

{[%evp 0,11,17,10,36,39,32,40,71,31,30,22,22,12]} 1. e4 e6 2. d4 d5 3. Nc3 Nf6
4. Bg5 Bb4 5. e5 h6 6. Be3 (6. Bd2 {main} Bxc3 7. Bxc3 (7. bxc3) 7... Ne4 8.
Bd2 Nxd2 9. Qxd2 c5 10. Nf3 cxd4 11. Nxd4 O-O 12. O-O-O Nc6 13. Nf3 Qc7 14. Re1
a5 15. g4 {Rousos-Haigh, EU cup Rhodes 2013,1-0}) 6... Ne4 7. Qg4 Kf8 (7... g6)
8. a3 (8. Nge2 Nxc3 (8... c5 {main}) 9. bxc3 Ba3 10. Rb1 Nd7 11. Nf4 Be7 12. h4
Kg8 13. Bd3 f5 14. exf6 Nxf6 15. Qf3 Kf7 16. Bg6+ Kg8 17. Bd3 Kf7 18. Ng6 Rg8
19. Ne5+ Kf8 20. Bh7 {Sims-Haigh, WCPl 2016,1-0}) 8... Bxc3+ 9. bxc3 c5 10. Bd3
f5 {worst results of all options for Bl, 3 Wh wins, 1 draw} (10... Nxc3) (10...
Qa5) (10... h5 {main lines}) 11. exf6 $16 {at first Stockfish10 judged this
was just winning for Wh} Nxf6 {Nilsson-Tibensky, Olomuoc Proclient op 2007,
draw agreed.} 12. Qf4 (12. Qg3 $16 c4 13. Bg6 Bd7 14. Nf3 Nc6 15. Ne5 {remaing
games got here slightly different move orders, 3-0 but} Be8 {as played in 2 of
the games could survive} 16. Bxe8 (16. h4 $16 {Stockfish10}) 16... Nxe5 17.
dxe5 Ne4 $11 (17... Nxe8 18. O-O $16 Ke7 19. f4 Kd7 20. f5 {
Marcantoni-Lucidarme, Avoine op 2017,1-0}) 18. Qf3+ Kxe8 $14 {Rodriguez
Font-Campos Cayuelas, Sabadell Coral Colon op 2015,1-0}) 12... g5 13. Qg3 $14 {
Deep Fritz14} (13. Qf3 $16 {Stockfish10}) 13... c4 14. Be2 (14. h4 cxd3 15.
hxg5 d2+ 16. Bxd2 Ne4 17. Qf3+ Ke7 18. gxh6 $11 {Stockfish10}) 14... Ne4 15.
Qe5 (15. Qf3+ Ke7 16. h4 Nc6 $11 {Stockfish10}) 15... Qf6 {Q's are good
attackers, so getting rid of a menacing one looks good; but then Qs are also
excellent defenders that can keep several points defended,} (15... Rh7 $11 {
Stockfish10, after a long discursion about whether it might be a slight Bl
advantage}) (15... Rg8 $11 {Deep Fritz14}) 16. Qxf6+ (16. h4 $16) 16... Nxf6
17. Nf3 $16 (17. g4 {near winning- Stockfish10-the Bl K side is porous & Bl
has several pieces still in the box on the Q side}) 17... Nc6 18. h4 g4 19. Ne5
Nxe5 20. dxe5 Ne4 (20... Nd7 21. O-O-O $16) 21. h5 $18 (21. Bxg4 $18) 21... g3
22. fxg3 (22. f3 Ng5 (22... Nxc3 23. Rh3 $18) 23. Rh4 $18 {Stockfish10}) 22...
Nxg3 23. Rh3 Nf5 (23... Ne4 $5) 24. Bc5+ (24. Bd2 Bd7 25. O-O-O $18 {
Stockfish10}) 24... Kg7 (24... Ke8 {runs from the rickety K side}) 25. g4 b6
26. Bf2 (26. gxf5 {both Engines} bxc5 27. f6+ Kf8 28. Rg3 $18) 26... Ne7 27.
Bh4 Re8 28. Bf6+ (28. O-O-O {brings up the reserves}) (28. Kd2 {Deep Fritz14
thinks equality, Stockfish10 still Wh win}) 28... Kh7 29. Kd2 (29. Rg3 $18 {
Stockfish10}) 29... Ng8 (29... Nc6) 30. Rf1 (30. g5 $1 {even stronger
according to Stockfish10}) 30... Nxf6 31. Rxf6 (31. exf6 {also}) 31... Rg8 32.
Rh2 (32. Rf7+ Rg7 33. Rhf3 Ba6 34. Rxg7+ Kxg7 35. Rf6 Re8 36. Ke3 $18 {
Stockfish10- the Bl B is near useless}) 32... Bd7 $14 33. Rhf2 Rae8 $2 (33...
Rg7 {it's the K that needs extra protection, not the pawn} 34. Ke3 Rag8 35. Kd4
Rg5 $14 {Stockfish10}) 34. Rf7+ Rg7 35. g5 $1 $18 hxg5 36. h6 Kxh6 (36... Rxf7
37. Rxf7+ Kxh6 38. Rxd7 $18) 37. Rh2+ Kg6 38. Rf6# 1-0

[Event "West Wales Open"]
[Site "Swansea"]
[Date "2019.10.13"]
[Round "5.12"]
[White "Chung, Joel"]
[Black "Guy, David"]
[Result "1/2-1/2"]
[WhiteElo "1463"]
[BlackElo "1891"]
[Annotator "kemen"]
[PlyCount "59"]
[EventDate "2019.10.12"]
[EventType "swiss"]
[EventRounds "5"]
[EventCountry "WLS"]

1. e4 e5 2. f4 exf4 3. Nf3 Nc6 (3... g5) (3... d6) (3... d5) 4. Bc4 (4. d4)
4... g5 $1 {the exclamation mark is from Shaw 2013:448,; on p425 he indicates
that this is not a position that Wh wants, In the Ch Shaw is claiming that the
sequence 3. Bc4, is refuted by 3..Nc6 to arrive at this point.} (4... d6) 5. d3
$146 {very unusual in an ancient opening like the King's Gambit- there may be
some games that have not made it into the databases. Shaw analyses} (5. h4) (5.
g3) (5. Nc3 {before looking at}) (5. d4 {main}) (5. O-O {Shaw reckons mostly
transposes to the other lines.}) (5. h3 {has been played 3 times between Tuner
and Young !} Bg7 6. d4 d6 7. c3 h6 (7... Qe7 8. O-O Bd7 9. b4 a6 10. a4 h5 11.
Kh2 g4 12. Ng1 f3 {WLS ch 2006,0-1}) 8. b4 (8. Qb3 Qd7 9. h4 Na5 10. Qb5 Nxc4
11. Qxc4 g4 12. Ng1 Nf6 13. Bxf4 Nxe4 {WLS ch 2017,0-1}) 8... Nf6 9. b5 Ne7 10.
e5 Ne4 11. exd6 cxd6 12. O-O O-O 13. Re1 Bf5 14. Bd3 d5 {S Wales New Year op
2017,0-1}) 5... g4 {a kind of Muzio; 2 chesscube games varied here.} (5... Bg7
6. Nbd2 Na5 7. Bxf7+ Kxf7 8. O-O Ne7 9. c3 Rf8 10. Nxg5+ Kg8 11. Nb3 {laura_m-
pinzon_tabare, chesscube blitz 2014,1-0}) (5... h6 6. O-O Bg7 7. h4 d6 8. hxg5
(8. g3 {(via transposition)} Bh3 9. gxf4 g4 10. Nh2 Bd4+ 11. Kh1 g3 12. Qh5 g2#
{Roggeveen-Pannekoek, Vlissingen HZ op 2004,0-1}) 8... hxg5 9. Nxg5 Qxg5 10.
Bxf4 Qh5 11. Qxh5 Rxh5 12. Bxd6 Bd4+ {sonia67-joneskabaso, chesscube blitz
2014,0-1}) 6. O-O {the position is now into known territory via a d3 on move 6.
The Cloud Engines seem confused, though eventually seling for definite Bl edge.
However Wh won both games contested.} gxf3 7. Qxf3 Nf6 (7... Bc5+ 8. Kh1 {
2-0, though after} Qf6 {a version of the Muzio via 7.d3 was reached eg} 9. Nc3
Nge7 10. Bxf4 d6 11. Nb5 Bb6 12. Qg3 Qg6 13. Bxd6 Be6 $15 {
Chigorin-Tabunschikov, RUSSIA corr 1899,1-0}) (7... Qf6 {reverts to some 93
games, mostly corr, 2 exceptions} 8. Bxf4 (8. Nc3 Bc5+ 9. Kh1 Ne5 {
Vasquez-Taubenhaus, match Havana 1895,1/2-1/2}) 8... Bh6 9. Bxc7 Qxf3 10. Rxf3
f6 {Popert-NN, London Casual game 1841,1-0}) 8. Bxf4 $11 (8. Qxf4 $16 {Cloud
Engines}) 8... d6 (8... Bc5+ 9. Kh1 (9. Be3 Ne5 10. Bxf7+ Kxf7 11. Qh5+ Ke6 12.
Qf5+ Kf7 13. Qh5+ $11) 9... Nd4 $11 {Cloud Engines}) 9. Bg5 $18 {regains the
piece with an extra pawn} Bg7 10. Bxf6 Bxf6 11. Qxf6 Qxf6 12. Rxf6 Ne5 13. Bb3
Ke7 14. Rf2 Be6 15. Nc3 c6 16. Raf1 Raf8 17. Bxe6 {eases the defence , though
Wh is still a potential outside passed pawn up in an ending} (17. d4 Nc4 18.
Re1 Na5 (18... Nxb2 19. d5 $18) 19. d5 Nxb3 20. axb3 Bd7 21. Rf4 $18) 17...
fxe6 18. Rxf8 Rxf8 19. Rxf8 Kxf8 20. Kf2 (20. h3 $18) 20... Ng4+ $14 {
regaining the pawn} 21. Kg3 (21. Kf3 Nxh2+ 22. Kf4 e5+ 23. Kg3 Nf1+ 24. Kf2 Nh2
25. Nd1 Ng4+ 26. Kg3 Nf6 27. Kh4 $14 {Wh retains a slightly more active K})
21... Ne3 22. Ne2 Nxc2 $11 23. a3 c5 24. h3 (24. Kf2) 24... Kf7 (24... b5 $15 {
Stockfish10} 25. Kf2 Ke7 26. g4 b4 27. a4 (27. axb4 cxb4 {is dangerous , with
Bl having a distant passed pawn.}) 27... d5 28. exd5 exd5 29. g5 $11) 25. Kf2
b5 26. Nc3 a6 27. g4 (27. a4 Nd4 28. axb5 axb5 29. g4 $11 {Stockfish10}) 27...
b4 (27... Kf6 28. a4 b4 29. Nb1 Kg5 30. Nd2 Kh4 31. Nc4 Kxh3 32. Nxd6 Nd4 $15 {
Stockfish10- the unbalance favours the higher-rated player as well}) 28. axb4
Nxb4 (28... cxb4 29. Na4 (29. Ne2 e5 30. Nc1 a5 $19) 29... Kf6 $17 {
Stockfish10- the Bl pieces work together & the a pawn is a longterm threat})
29. Ke2 Kf6 30. h4 $11 (30. h4 Ke5 31. Ke3 d5 32. Na4 d4+ 33. Kd2 Kf4 34. g5
Kg4 35. Nxc5 e5 36. Nd7 Kxh4 37. Nf8 Kxg5 38. Nxh7+ Kf4 39. Nf6 $11 {
Stockfish10- all the dangerous pawns have been swapped off Adventurous play on
both sides.}) 1/2-1/2

[Event "West Wales Open"]
[Site "Swansea"]
[Date "2019.10.13"]
[Round "5.13"]
[White "Bevan, Peter M"]
[Black "Buttell, David"]
[Result "1-0"]
[WhiteElo "1889"]
[BlackElo "1828"]
[Annotator "kemen"]
[PlyCount "71"]
[EventDate "2019.10.12"]
[EventType "swiss"]
[EventRounds "5"]
[EventCountry "WLS"]

{[%evp 0,17,12,1,-3,-42,22,3,14,14,30,-9,-28,10,-8,-22,16,10,22,21]} 1. c4 Nf6
2. g3 g6 3. Bg2 Bg7 4. Nc3 d6 5. b3 e5 6. Bb2 O-O 7. e3 c5 (7... c6) (7... Nc6
{main lines}) 8. Nge2 Nc6 9. O-O Rb8 (9... Be6) 10. h3 $146 {Komodo13} (10. d4)
10... Be6 (10... h5 $5 {Komodo13}) 11. Nd5 (11. d4 $14) 11... Bxd5 (11... Qd7
12. Kh2 Bxd5 13. cxd5 Nb4 14. e4 b5 $11 {Komodo13}) 12. cxd5 Ne7 (12... Nb4 13.
e4 Nd3 14. Bc3 b5 15. Nc1 Nxc1 16. Qxc1 b4 17. Bb2 a5 $11 {Komodo13}) 13. e4
Nd7 14. d3 f5 15. Qd2 Nf6 (15... f4 {Rudy} 16. gxf4 Bh6 17. Qc3 Bxf4 18. Nxf4
Rxf4 19. Bc1 Rf7 20. Be3 (20. h4 $18 {Stockfish10}) 20... g5 {Komodo13 &
Stockfish10} 21. Bxg5 Qf8 22. Kh2 Ng6 23. Rg1 Kh8 24. Raf1 Nf4 $14 {Bl gets
some K side chances}) (15... b5 $14 {Komodo13 & Stockfish10}) 16. f4 $16 Nh5
17. fxe5 (17. Rae1) 17... Bxe5 18. Bxe5 dxe5 19. g4 Ng7 20. Rac1 (20. b4 $16 {
Komodo13}) 20... b6 21. Qb2 Qd6 22. Nc3 b5 (22... fxg4 23. hxg4 g5 24. Nd1 Ng6
25. Ne3 Nf4 26. Rcd1 Rbe8 27. a3 Qh6 $11 {Komodo13}) 23. Nb1 (23. exf5 gxf5 24.
gxf5 Nexf5 25. Ne4 Qg6 26. Qxe5 $18 {Komodo13]}) 23... f4 {seals in the Bl
pieces} (23... fxg4 24. hxg4 g5 $11 {Komodo13}) 24. Nd2 $18 Rfe8 25. Nf3 Nc8 (
25... g5 $5) 26. Qa3 (26. Qf2 Qe7 27. Rxc5 $18 {Komodo13} (27. Qxc5 $18)) 26...
c4 27. Qxd6 Nxd6 28. dxc4 (28. d4 exd4 29. e5 Nf7 30. e6 Nd6 31. Nxd4 $18 {
Komodo13}) 28... bxc4 29. bxc4 Nxe4 (29... Rbc8 30. Nd2 $18) 30. Rfe1 Ng3 (
30... Nc5) 31. Nxe5 Rb2 32. Bf3 (32. d6) 32... Rxa2 33. c5 Rb8 34. c6 Ne8 35.
Nd7 Rc8 36. Rxe8+ 1-0